[Event "AUS-ch"]
[Site "Sydney"]
[Date "2020.01.12"]
[Round "10"]
[White "Plant, John Stuart"]
[Black "Parle, Hughston"]
[Result "0-1"]
[WhiteElo "1993"]
[BlackElo "2057"]
[PlyCount "118"]
[EventDate "2020.01.02"]
[EventType "swiss"]
[EventRounds "11"]
[EventCountry "AUS"]
[SourceTitle "CBM 194 Extra"]
[Source "ChessBase"]
[SourceDate "2020.03.31"]
[SourceVersion "1"]
[SourceVersionDate "2020.03.31"]
[SourceQuality "1"]

1. b3 d6 2. Bb2 Nd7 3. e3 Ngf6 4. d4 e5 5. c4 c6 6. Nc3 Be7 7. Qc2 0-0 8. Nf3 Re8 9. Be2 Bf8 10. 0-0 a6 11. Nd2 b5 12. Bf3 Qb6 13. Nce4 Bb7 14. Nxf6+ Nxf6 15. Rfc1 c5 16. d5 g6 17. g4 Bc8 18. g5 Nd7 19. Ne4 Qd8 20. Be2 bxc4 21. Bxc4 f5 22. gxf6 Nxf6 23. Nxf6+ Qxf6 24. f4 Bg7 25. Qg2 Qh4 26. Qg3 Qh5 27. Qg5 exf4 28. Qxh5 gxh5 29. Bxg7 Kxg7 30. exf4 Ra7 31. Re1 Rae7 32. Rxe7+ Rxe7 33. Kf2 Kf6 34. Bd3 a5 35. Rg1 Rg7 36. Re1 Bd7 37. Kf3 Bg4+ 38. Kf2 Bd7 39. Re3 h4 40. a3 h6 41. a4 Rg4 42. Kf3 h3 43. Bf1 Rg1 44. Kf2 Rh1 45. Rd3 Bf5 46. Re3 Rxh2+ 47. Kg1 Rd2 48. Bxh3 Rd3 49. Rxd3 Bxd3 50. Kf2 Bc2 51. Bd7 Bxb3 52. Bc6 Bc2 53. Ke3 h5 54. Bd7 Bf5 55. Bb5 Bg4 56. Bd3 h4 57. Kf2 Bd1 58. Kg2 Bxa4 59. Kh3 Bb3 0-1

[Event "AUS-ch"]
[Site "Sydney"]
[Date "2020.01.04"]
[Round "3"]
[White "Zhang, Jilin"]
[Black "Plant, John Stuart"]
[Result "1-0"]
[WhiteElo "2237"]
[BlackElo "1993"]
[PlyCount "131"]
[EventDate "2020.01.02"]
[EventType "swiss"]
[EventRounds "11"]
[EventCountry "AUS"]
[SourceTitle "CBM 194 Extra"]
[Source "ChessBase"]
[SourceDate "2020.03.31"]
[SourceVersion "1"]
[SourceVersionDate "2020.03.31"]
[SourceQuality "1"]

1. e4 Nc6 2. Nf3 d6 3. d4 e5 4. Bb5 Bd7 5. 0-0 Nf6 6. Nc3 Be7 7. Re1 exd4 8. Nxd4 Nxd4 9. Qxd4 Bxb5 10. Nxb5 a6 11. Nc3 0-0 12. Bg5 h6 13. Bh4 Nd7 14. Bxe7 Qxe7 15. Nd5 Qd8 16. Rad1 Re8 17. Re3 Re6 18. Rc3 c6 19. Nf4 Rf6 20. Nh5 Rg6 21. Rg3 Rxg3 22. hxg3 Qg5 23. Nf4 Nf6 24. Qxd6 Nxe4 25. Qb4 Nc5 26. Nd5 cxd5 27. Qxc5 Qe5 28. Qd4 Qe4 29. Qxe4 dxe4 30. Rd7 b5 31. c3 g6 32. Kf1 Rc8 33. Ke2 Rc4 34. Ke3 f5 35. Rd6 Ra4 36. Rxg6+ Kh7 37. Rf6 Rxa2 38. Rxf5 Rxb2 39. Rf6 a5 40. Ra6 a4 41. c4 Rb3+ 42. Kf4 e3 43. fxe3 Rb4 44. e4 Rxc4 45. Kf5 Rc7 46. e5 Kg7 47. Rg6+ Kh7 48. Rb6 Ra7 49. Rxb5 a3 50. Rb1 a2 51. Ra1 Kg7 52. Ke6 h5 53. Kf5 Ra5 54. g4 h4 55. g5 Kf7 56. Kg4 Ra4+ 57. Kh5 Kg8 58. Kh6 Ra6+ 59. g6 Ra7 60. e6 Kf8 61. Rf1+ Kg8 62. Rd1 Kf8 63. Ra1 Ra6 64. Rf1+ Ke7 65. g7 Ra8 66. Kh7 1-0

[Event "Sydney op-B"]
[Site "Parramatta"]
[Date "2010.04.09"]
[Round "5"]
[White "Dale, Ari"]
[Black "Plant, John Stuart"]
[Result "1-0"]
[WhiteElo "1388"]
[BlackElo "1798"]
[PlyCount "93"]
[EventDate "2010.04.07"]
[EventType "swiss"]
[EventRounds "9"]
[EventCountry "AUS"]
[SourceTitle "EXT 2012"]
[Source "ChessBase"]
[SourceDate "2011.11.24"]
[SourceVersion "1"]
[SourceVersionDate "2011.11.24"]
[SourceQuality "1"]

1. d4 d6 2. c4 Nf6 3. Nc3 Nbd7 4. g3 e5 5. e4 c6 6. Bg2 Qc7 7. Nge2 Be7 8. 0-0 0-0 9. b3 Re8 10. Bb2 exd4 11. Nxd4 Ne5 12. Qd2 a6 13. Rad1 c5 14. Nc2 Bh3 15. f4 Bxg2 16. Qxg2 Nc6 17. Ne3 Bf8 18. Ncd5 Nxd5 19. Nxd5 Qd8 20. f5 Nb4 21. Nf4 Qe7 22. Rde1 Qd8 23. h4 b5 24. h5 Qg5 25. f6 g6 26. hxg6 hxg6 27. a3 Nc6 28. Nh3 Qh5 29. Rf4 Ne5 30. Ref1 Ng4 31. Bc1 Bh6 32. Rxg4 Qxg4 33. Bxh6 Qxe4 34. Nf2 Qxg2+ 35. Kxg2 Re5 36. g4 Rae8 37. Rh1 Re1 38. Rh2 R8e5 39. Bg7 Rh5 40. gxh5 g5 41. h6 Kh7 42. Nh3 Re5 43. Kf3 Kg6 44. Nxg5 Rxg5 45. h7 Rf5+ 46. Ke4 bxc4 47. bxc4 1-0